Nyeszterenko koncertje

Elmentve itt :
Bibliográfiai részletek
Dokumentumtípus: Cikk
Megjelent: 1981-07-19
Sorozat:Délmagyarország 71 No. 168
Kulcsszavak:Nyeszterenko, Jevgenyij
Online Access:http://dmarchiv.bibl.u-szeged.hu/98020
LEADER 00401nab a2200145 i 4500
001 delm98020
005 20190618085239.0
008 190618s1981 hu o 0|| hun d
040 |a SZTE Délmagyarország Archívum  |b hun 
041 |a hun 
245 0 0 |a Nyeszterenko koncertje  |h [elektronikus dokumentum] 
260 |c 1981-07-19 
300 |a 4 
490 0 |a Délmagyarország  |v 71 No. 168 
695 |a Nyeszterenko, Jevgenyij